| 000 | 00369nam a2200145Ia 4500 | ||
|---|---|---|---|
| 008 | 221030s9999 xx 000 0 und d | ||
| 020 | _a0074601423 | ||
| 041 | _aEnglish | ||
| 100 | _aB. Gottfried | ||
| 245 | 0 |
_aTheory & Problems of Programmimg with Basic _cby B. Gottfried |
|
| 260 |
_bTMH _aNew Delhi _c1995 |
||
| 300 | _a386 | ||
| 650 | _aBB Computer | ||
| 942 | _cBK | ||
| 999 |
_c18857 _d18857 |
||